De præcipvis Græcæ dictionis idiotismis /

Bibliographic Details
Main Author: Viger, François, 1590-1647
Format: eBook
Language:Latin
Published: Londini : Excudebat J.D. impensis Guilielmi Adderton ..., 1647.
Edition:Decima editio prioribus nitidior in qua nonnulla quæ deerant supplentur ...
Series:Early English books online.
Subjects:
Online Access:Connect to the full text of this electronic book

MARC

Tag First Indicator Second Indicator Subfields
LEADER 00000nam a2200000Ia 4500
001 in00004271908
005 20200810075516.0
006 m g d
007 cr bn |||a|bb|
008 850930s1647 enk o 001 | lat d
035 |a (OCoLC)12619935 
040 |a EAA  |c EAA  |d m/c  |d WaOLN 
037 |a CL0037000031  |b ProQuest Information and Learning. 300 N. Zeeb Rd., Ann Arbor, MI 48106 
049 |a UMIA 
100 1 |a Viger, François,  |d 1590-1647. 
245 1 0 |a De præcipvis Græcæ dictionis idiotismis /  |c auctore Francisco Vigero ... 
250 |a Decima editio prioribus nitidior in qua nonnulla quæ deerant supplentur ... 
260 |a Londini :  |b Excudebat J.D. impensis Guilielmi Adderton ...,  |c 1647. 
300 |a 1 online resource ([16], 408, [50] pages) 
336 |a text  |b txt  |2 rdacontent 
337 |a computer  |b c  |2 rdamedia 
338 |a online resource  |b cr  |2 rdacarrier 
500 |a Reproduction of original in Cambridge University Library. 
500 |a Table of contents: pages [9]-[13] 
500 |a Errata: pages [15] 
500 |a Index: pages [1]-[50] 
510 4 |a Wing  |c V375 
533 |a Electronic reproduction.  |b Ann Arbor, Mich. :  |c UMI,  |d 1999-  |f (Early English books online)  |n Digital version of: (Early English books, 1641-1700 ; 969:4)  |7 s1999 miun s 
650 0 |a Greek language. 
830 0 |a Early English books online. 
856 4 0 |u http://proxy.library.tamu.edu/login?url=https://search.proquest.com/docview/2240969294  |z Connect to the full text of this electronic book  |t 0 
999 f f |s ce731a10-666a-3030-8090-3f5d6598bc0a  |i 78dcb283-c753-39cc-b2ee-d658b8235884  |t 0 
952 f f |a Texas A&M University  |b College Station  |c Electronic Resources  |d Available Online  |t 0  |h No information provided 
998 f f |t 0  |l Available Online